00768nam a2200193Ia 4500001001000000003000500010008004100015010001100056040000900067100004200076245017200118260003400290300001000324502010600334650003900440650001600479650002900495710005000524Para_8562CHAP220125s2002 xx 000 0 und d a207373 cCHAP aDomínguez García, Hernan Faustino aDensidades de siembra y control químico de maleza en el cultivo de la alfalfa (Medicago sativa L.) en Chapingo, México /c por Hernan Faustino Domínguez García aChapingo, Méx. :b el autor a44 h. aTesis (Ing. Agr. Esp. en Parasitología Agrícola) -- UACh. Departamento Parasitología Agrícola aAlfalfa x malas hierbasxcontrol  aHerbicidas  aMalas hierbas x control aUACh. Departamento Parasitología Agrícola